000 00738nam a22002417a 4500
001 BR6004473
003 BR-BrBNA
005 20230928095843.0
007 ta
008 230509b bl.||||| |||| 00| 0 por d
040 _aBR-BrBNA
_bpor
_cBiblioteca Nacional de Agricultura
041 _a(Por)
072 _aE30
090 _ E30 BR6004473
110 1 _aMinisterio do Planejamento e Coordenacao Geral, Brasilia, DF (Brasil)
_97145
245 1 _aCatalago de acordos de assistencia tecnica. Cooperacao Tecnica Brasil - Estados Unidos
260 3 _aBrasilia, DF (Brasil):
_c1967.
300 _a166 p.
650 _aProjeto de Desenvolvimento
650 _aAssistencia Tecnica
909 _a202309
_bLucia
_c55
_dLucia Elande
942 _cBK
999 _c59037
_d59037